Sinclair Gardens Investments (Kensington) Ltd v Walsh and Others; Escalus Properties Ltd v Robinson and others; Escalus Properties Ltd v Dennis and Others; Escalus Properties Ltd v Cooper-Smith and others (Record no. 19093)
[ view plain ]
| 000 -LEADER | |
|---|---|
| fixed length control field | 01232cab a2200229 4500 |
| 001 - CONTROL NUMBER | |
| control field | X3072 |
| 008 - FIXED-LENGTH DATA ELEMENTS--GENERAL INFORMATION | |
| fixed length control field | 090401t1996 xxu||||| |||| 00| 0 eng d |
| 035 ## - SYSTEM CONTROL NUMBER | |
| System control number | (Sirsi) u28333 |
| 041 ## - LANGUAGE CODE | |
| Language code of text/sound track or separate title | eng |
| 245 ## - TITLE STATEMENT | |
| Title | Sinclair Gardens Investments (Kensington) Ltd v Walsh and Others; Escalus Properties Ltd v Robinson and others; Escalus Properties Ltd v Dennis and Others; Escalus Properties Ltd v Cooper-Smith and others |
| 260 ## - PUBLICATION, DISTRIBUTION, ETC. | |
| Date of publication, distribution, etc. | 1996 |
| 350 ## - PRICE (NR) (BK AM CF MU VM SE) [OBSOLETE] | |
| Price | 0 |
| 490 ## - SERIES STATEMENT | |
| Series statement | Property and Compensation Reports |
| Volume/sequential designation | 1996 71 P&CR 47-58(12) |
| 520 ## - SUMMARY, ETC. | |
| Summary, etc. | CA 30 March 1995. Relief against forfeiture. Mortgage by subdemise. Long leases granted at a premium on a low rent. Identity between s138 Country Courts Act 1984 s38 Supreme Court Act 1981 and s146(2) of the Law of Property Act 1925. Whether relief from the date of the order or date of forfeiture- Relief for non-payment of rent. Whether under-lessee may apply under s146(2) for non-payment of sums ohter than rent. (Headnote from abstract) (See also Abs53455). |
| 650 ## - SUBJECT ADDED ENTRY--TOPICAL TERM | |
| Topical term or geographic name entry element | MESNE PROFITS |
| 650 ## - SUBJECT ADDED ENTRY--TOPICAL TERM | |
| Topical term or geographic name entry element | RELIEF FROM FORFEITURE |
| 650 ## - SUBJECT ADDED ENTRY--TOPICAL TERM | |
| Topical term or geographic name entry element | RENT ARREARS |
| 650 ## - SUBJECT ADDED ENTRY--TOPICAL TERM | |
| Topical term or geographic name entry element | SERVICE CHARGES |
| 690 ## - LOCAL SUBJECT ADDED ENTRY--TOPICAL TERM (OCLC, RLIN) | |
| Topical term or geographic name as entry element | LANDLORD AND TENANT-CASE LAW-RESIDENTIAL TENANCIES |
| 942 ## - ADDED ENTRY ELEMENTS (KOHA) | |
| Suppress in OPAC | 0 |
| 948 ## - LOCAL PROCESSING INFORMATION (OCLC); SERIES PART DESIGNATOR (RLIN) | |
| c (OCLC) | 04/03/1997 |
| Withdrawn status | Lost status | Source of classification or shelving scheme | Damaged status | Not for loan | Home library | Current library | Shelving location | Date acquired | Total Checkouts | Full call number | Barcode | Date last seen | Copy number | Price effective from | Koha item type |
|---|---|---|---|---|---|---|---|---|---|---|---|---|---|---|---|
| Dewey Decimal Classification | London | London | Journal article | 14/09/1999 | X3072 | 28333-1001 | 06/08/2019 | 1 | 06/08/2019 | Law report |